CALENDARIO DE FESTIVIDADES EN JALISCO /

INCLUYE BIBLIOGRAFIA

Guardat en:
Dades bibliogràfiques
Autor principal: Franco Fernández, Roberto (autor)
Format: Llibre
Matèries:
Etiquetes: Afegir etiqueta
Sense etiquetes, Sigues el primer a etiquetar aquest registre!

MARC

LEADER 00000nam^a2200000^a^4500
001 000241299
005 20250521000000.0
009 20260310105208.528
020 |a 968-832-146-X 
035 |a 064570 
037 |a Acervo Xavier Clavigero 
082 |a 394. 26  |b FRA 
100 |a Franco Fernández, Roberto  |e (autor) 
245 1 0 |a CALENDARIO DE FESTIVIDADES EN JALISCO /  |c ROBERTO FRANCO FERNANDEZ 
264 |a Guadalajara, México :  |b UNED,  |c 1985 
300 |a 2 V. 
336 |a texto  |b txt  |2 rdacontenido 
337 |a sin mediación  |b n  |2 rdamedio 
338 |a volumen  |b nc  |2 rdasoporte 
520 |a INCLUYE BIBLIOGRAFIA 
649 |a XX 
650 |a Días Festivos -  |z Jalisco 
910 |a Fondo General 
920 |a Impresos - Libros 
930 |a Colección General 
905 |a 101 
901 |a 064570  |b IT1  |c ACC  |i 064570  |u 20250521 
901 |a 064571  |b IT1  |c ACC  |i 064571  |u 20250521 
901 |a 064572  |b IT1  |c ACC  |i 064572  |u 20250521 
901 |a 064573  |b IT1  |c ACC  |i 064573  |u 20250521 
902 |a https://opac.biblio.iteso.mx/vufind/Record/000241299